ARRUPE JESUIT UNIVERSITY

CORONAVIRUS -STOP THE SPREAD - CLEAN,DISINFECT,COVER

Analytic philosophy without naturalism (Record no. 6463)

MARC details
000 -LEADER
fixed length control field 00574nam a2200217Ia 4500
003 - CONTROL NUMBER IDENTIFIER
control field 0100
008 - FIXED-LENGTH DATA ELEMENTS--GENERAL INFORMATION
fixed length control field 130227s9999 xx 000 0 und d
020 ## - INTERNATIONAL STANDARD BOOK NUMBER
International Standard Book Number 9780415591591
040 ## - CATALOGING SOURCE
Transcribing agency ARRUPELIB
050 ## - LIBRARY OF CONGRESS CALL NUMBER
Classification number B808.5.A5318 2006
100 ## - MAIN ENTRY--PERSONAL NAME
Personal name Corradini, Antonella (ed)
9 (RLIN) 33569
245 ## - TITLE STATEMENT
Title Analytic philosophy without naturalism
260 ## - PUBLICATION, DISTRIBUTION, ETC. (IMPRINT)
Name of publisher, distributor, etc Routledge
Place of publication, distribution, etc London
Date of publication, distribution, etc 2006
300 ## - PHYSICAL DESCRIPTION
Extent xiii
300 ## - PHYSICAL DESCRIPTION
Other physical details 266p 23cm
440 ## - SERIES STATEMENT/ADDED ENTRY--TITLE
Title Routledge studies in twentieth-century philosophy
9 (RLIN) 33570
650 ## - SUBJECT ADDED ENTRY--TOPICAL TERM
Topical term or geographic name as entry element Analysis (Philosophy)
9 (RLIN) 33571
650 ## - SUBJECT ADDED ENTRY--TOPICAL TERM
Topical term or geographic name as entry element Verification (Empiricism)
9 (RLIN) 33572
650 ## - SUBJECT ADDED ENTRY--TOPICAL TERM
Topical term or geographic name as entry element Logical positivism
9 (RLIN) 5718
700 ## - ADDED ENTRY--PERSONAL NAME
Personal name Galvan, Sergio (ed); Lowe, E. Jonathan
9 (RLIN) 33573
942 ## - ADDED ENTRY ELEMENTS (KOHA)
Source of classification or shelving scheme Library of Congress Classification
Koha issues (borrowed), all copies 1
Item type Monograph ( Printed materials)
Holdings
Withdrawn status Lost status Source of classification or shelving scheme Damaged status Not for loan Collection code Home library Current library Shelving location Date acquired Total Checkouts Full call number Barcode Date last seen Date last borrowed Copy number Price effective from Koha item type
    Library of Congress Classification     Main Collection ARRUPE LIBRARY ARRUPE LIBRARY   27/02/2013 2 B808.5.A5318 2006 46408866 31/05/2022 12/01/2016 1 27/02/2013 Monograph ( Printed materials)

 

Arrupe Library. PO Box MP320 Mt Pleasant, Harare, Zimbabwe
263 242 745411|librarian@aju.ac.zw